Quizzes
Events
Quiz Creation
Community
Videos
Private Events
Remove Ads
Sign In
Join for FREE
Feedback
Dark Mode
Quiz Categories
Sports
Geography
Music
Movies
Television
Just For Fun
Miscellaneous
History
Literature
Language
Science
Gaming
Entertainment
Religion
Holiday
For Kids
Quiz Lab
Recent
Popular Today
Quiz Kudos Today
Editor Picks
Curator Picks
Quizzes by...
Day
Popularity
Type
Ratings
Length
Year
Community
Subscriptions
Recent Discussions
Orange Saloon
Badges
Playlists
Quests
Create
Leaderboards
Showdown
Live 5
Trivia Bingo
Activity
Puzzle Library
Sporcle Events
Private Events
Virtual Trivia
Globe League
Become a Host
Pub Owners
SporcleCon
Opinionation
Our Games
Videos
Blog
Mobile Apps
Partnerships
Remove Ads and Go Orange
Feedback
Just For Fun
Clickable
Get the Picture
Humor
Quick Pick
Word Ladder
Missing Word
Mixed Word
Blitz
Minefield
This or That
Alphabet
Color
Typing
Sporcle
Puzzle
Word Play
Follow That Line
Logic
Just For Fun
Clickable
Get the Picture
Humor
Quick Pick
Word Ladder
Missing Word
Mixed Word
Blitz
Minefield
This or That
Alphabet
Color
Typing
Sporcle
Puzzle
Word Play
Follow That Line
Logic
Random Quiz
Search Sporcle
×
Quiz Lab
Quiz Lab
Just For Fun
Type in answers that appear in a list
Type in answers that appear in a list
Classic
Best Score? Go Orange.
All Car Brands Stats
Can you name the All Car Brands?
By
ss50
9m
121 Questions
549 Plays
549 Plays
549 Plays
Comments
Comments
Give Quiz Kudos
Give Quiz Kudos
-
- Ratings
hide this ad
Replay
Link that replays current quiz
Next Quiz
Link to next quiz in quiz playlist
You Got
0%
They Got
Avg Score
34%
Avg Friend Score
Upgrade to see
Score Distribution
Jump to the score distribution portion of the page
Score
0/121
Timer
09:00
0
Plays Today
Brand Name
% Correct
Ford
91.4%
Toyota
88%
BMW
86.7%
Ferrari
86.5%
Audi
85.6%
Honda
85.2%
Lamborghini
85.2%
Mercedes
85%
Volkswagen
80.9%
Chevrolet
80.3%
Hyundai
79.9%
Fiat
76.4%
Porsche
75.8%
Nissan
75.6%
Aston Martin
75.4%
Volvo
72.8%
Bentley
71.3%
Dodge
68.5%
Alfa Romeo
68.3%
Mitsubishi
67.9%
Renault
67.5%
Jaguar
66.4%
Peugeot
66.4%
Mazda
66%
Bugatti
65.7%
Suzuki
64.9%
Land Rover
64.4%
Lexus
64.4%
Jeep
63.8%
Citroen
63%
Opel
61.9%
Rolls Royce
59.7%
Saab
59.5%
Seat
58%
Cadillac
57.4%
Maserati
57.4%
Buick
52.7%
Tesla
52.7%
GMC
52.2%
Skoda
51.8%
Acura
51.4%
Brand Name
% Correct
Lotus
50.1%
Pontiac
47.1%
McLaren
46.7%
Vauxhall
45.2%
Smart
42.6%
Hummer
42.4%
Infiniti
41.3%
Pagani
41.3%
Lancia
40.9%
Koenigsegg
40.7%
Isuzu
36.8%
Lincoln
36.2%
Saturn
36%
Mercury
34.9%
Oldsmobile
34.7%
Daewoo
32.5%
MG
32.3%
Holden
28.5%
Tata
28.1%
Datsun
28%
TVR
28%
Plymouth
26.3%
AMC
25.1%
Morgan
25%
Maybach
23.5%
Scion
22.3%
AMG
22%
Spyker
19.7%
Triumph
19.5%
Shelby
17.8%
Ariel
15.9%
Saleen
15.4%
Cobra
15%
Gumpert
12.4%
Hudson
11.4%
Fisker
11.3%
DeTomaso
10.9%
Packard
10.5%
Auston Healey
10.1%
Zenvo
9.8%
DeSoto
9.4%
Brand Name
% Correct
Hennessey
8.8%
Willys
8.6%
Panoz
7.7%
BAT
7.5%
Mossler
7.5%
Radical
7.3%
Rossion
7.1%
Alien
7.1%
Freightliner
6.8%
B Engineering
6.6%
Icon
6.6%
Westwind
6.6%
Bizzarini
6.2%
Iso
6.2%
Iconic
6%
Knight
6%
Devon
5.6%
Vector
5.4%
Delahaye
5.3%
ETV
5.3%
HTT
5.3%
Joss
5.3%
SSC
5.3%
Weissman
5.3%
Formula
5.1%
Isotta
4.9%
Leblanc
4.5%
Tramontana
4.5%
Iacocca
4.3%
Hamaan
4.3%
Dimora
4.1%
Inkas
3.9%
Dort
3.6%
Titan
3.2%
Tjaada
3%
Revenge
2.8%
TLC
2.8%
Mendeola
2.4%
Meyers
2.4%
Quiz Playlist
Details
Report
Send in Message
Add To Playlist
Classic:
Type in answers that appear in a list
Last Updated: Feb 16, 2017
Quiz Scoreboard
CHALLENGE
Sign Up to Join the Scoreboard
Show All
Scores
Hide
Comments
May contain spoilers
Recently Published
Presidents Visiting Landmarks
by Hejman
History
7m
An Introduction to Baseball
by treessimontrees
Sports
5m
Movies - When Are They Set?
by FPL_Elf
Movies
5m
More to Explore
Quiz From the Vault
Featured Blog Post
Where Did the Easter Bunny Come From?
hide this ad
You Might Also Like...
Tags
This quiz does not have any tags.
Today's Top Quizzes in Just For Fun
Browse Just For Fun
hide this ad
Top Contributed Quizzes in Just For Fun
1
Spring Typing Challenge
2
Killer Double Trees 224 - Colour Match-Up
3
Crossword Whiteout! 49
4
Zeroing In: Just For Fun
5
Harry Potter Logic - 'In Chains' II
6
Survivor Winners Logic Puzzle
7
Word Ladder: Ahoy Matey
8
Kyle's 122nd Triple Trees
9
Edinburgh Fringe jokes 2015
10
Word Ladder: Wilderness Weapon
Explore More
Trending Topics
Harry Potter
Anime
Kpop
Disney
Crossword
NBA
Marvel
Pokémon
Country
Song
Puzzle
WWE
NFL
Soccer
The Office
hide this ad
More By:
ss50
Quiz
Plays
Rating
Category
Featured
Created
Star Wars Planets
1,673
3.42
Movies
Feb 17, 2010
Car Brand Matching
960
1.33
Miscellaneous
Feb 2, 2010
Military Ranks
795
2.00
Just For Fun
Feb 20, 2010
All Car Brands
549
3.67
Just For Fun
Aug 26, 2010
Family Guy Quiz
498
1.57
Television
Mar 7, 2010
Go to Creator's Profile
Score Distribution
Quiz Creator Spotlight
ss50
Follow
Send a Message
Quizzes Created
-
Created Quiz Play Count
-
More By This Creator
Popular Quizzes Today
1
Find the US States - No Outlines Minefield
2
Find the Countries of Europe - No Outlines Minefield
3
The Countries of the World
4
Find the US States
5
Popular People in 1961
6
US States
7
Risky Map Clicking: Biggest States A-Z
8
1-10 Letter E Words III
More Just For Fun Quizzes
Trees Logic Puzzle XXII
Published
Trending Quizzes
Risky Map Clicking: Least Populous States A-Z
1-10 Letter G Words
1-10 Letter F Words
One Thing in Common: United Kingdom
Risky Map Clicking: Next State Alphabetically
Recently Updated
Leaping Animals
pecheneg
Reality TV Shows (A-Z)
bhenderson79
Rickey Henderson's Hall of Fame Teammates
pecheneg
Champions League XIs: Arsenal
pecheneg
Quick Pick: Celebrities in WWE's Hall of Fame
aduchscher
A-Z Keypad Blitz II
pecheneg
Multiple Oscar Actors
pecheneg
Mystery Phrase Blitz: Oscar 'Best Actors'
pecheneg
F. Scott Fitzgerald Novels
LTH
Pick 3 Villains
ddd62291
Trending Topics
Crossword
Harry Potter
Anime
Disney
Kpop
NBA
Marvel
The Office
WWE
Soccer
Song
Pokémon
Country
NFL
Puzzle
Your Account Isn't Verified!
In order to create a playlist on Sporcle, you need to verify the email address you used during registration. Go to your
Sporcle Settings
to finish the process.
Report this User
Report this user for behavior that violates our
Community Guidelines
.
Details:
Send Report
Go to the Sporcle.com Mobile Site →
Comments